Central Library OPAC University of Rajshahi

Organic Chemistry / (Record no. 73844)

MARC details
000 -LEADER
fixed length control field 00682nam a2200241 a 4500
001 - CONTROL NUMBER
control field 73844
003 - CONTROL NUMBER IDENTIFIER
rucl marc code BD-RJUL
005 - DATE AND TIME OF LATEST TRANSACTION
control field 20211209082443.0
008 - FIXED-LENGTH DATA ELEMENTS--GENERAL INFORMATION
fixed length control field 170613s1957 enka 001 0 eng d
035 ## - SYSTEM CONTROL NUMBER
System control number (BD-RJUL)74062
040 ## - CATALOGING SOURCE
Original cataloging agency FHM
Transcribing agency FHM
Modifying agency UKM
-- BD-RJUL
Language of cataloging eng
041 ## - LANGUAGE CODE
Language code of text/sound track or separate title eng
082 04 - DEWEY DECIMAL CLASSIFICATION NUMBER
Classification number 547
Edition number 23
Author mark and year TAO 1957
090 ## - LOCALLY ASSIGNED LC-TYPE CALL NUMBER (OCLC); LOCAL CALL NUMBER (OCLC)
Classification number (OCLC) (R) ; Classification number, CALL (RLIN) (NR) QD251
Local cutter number (OCLC) ; Book number/undivided call number, CALL (RLIN) .T33 1953
100 1# - MAIN ENTRY--PERSONAL NAME
Personal name Taylor, F. Sherwood
Fuller form of name (Frank Sherwood),
Dates associated with a name 1897-1956.
9 (RLIN) 218659
245 10 - TITLE STATEMENT
Title Organic Chemistry /
Statement of responsibility, etc. F. Sherwood Taylor
250 ## - EDITION STATEMENT
Edition statement 5th ed.
260 ## - PUBLICATION, DISTRIBUTION, ETC. (IMPRINT)
Place of publication, distribution, etc. London :
Name of publisher, distributor, etc. Heinemann,
Date of publication, distribution, etc. 1957.
300 ## - PHYSICAL DESCRIPTION
Pagination xi, 612 p. :
Illustrations ill. ;
Size 22 cm.
500 ## - GENERAL NOTE
General note Includes Index.
650 #0 - SUBJECT ADDED ENTRY--TOPICAL TERM
Topical term or geographic name as entry element Chemistry, Organic.
9 (RLIN) 218660
942 ## - ADDED ENTRY ELEMENTS (KOHA)
Source of classification or shelving scheme Dewey Decimal Classification
Koha item type Books
Holdings
Lost status Source of classification or shelving scheme Damaged status Not for loan Collection code Permanent Location Current Location Shelving location Date acquired Source of acquisition Cost, normal purchase price Total Checkouts Full call number Date last seen Copy number Koha item type
  Dewey Decimal Classification   Not For Loan Non-fiction Central Library, University of Rajshahi Central Library, University of Rajshahi Reading Room 21/01/1958 B.H. Blackwell 1.01   547 TAO 1957 13/06/2017 C-1 Books